| 000 -LEADER |
| fixed length control field |
00748nam a22002057a 4500 |
| 005 - DATE AND TIME OF LATEST TRANSACTION |
| control field |
20240418163105.0 |
| 008 - FIXED-LENGTH DATA ELEMENTS--GENERAL INFORMATION |
| fixed length control field |
240418s2007 enk||||| |||| 00| 0 eng d |
| 020 ## - INTERNATIONAL STANDARD BOOK NUMBER |
| International Standard Book Number |
9780443071799x |
| 041 ## - LANGUAGE CODE |
| Language code of text/sound track or separate title |
eng |
| 080 ## - UNIVERSAL DECIMAL CLASSIFICATION NUMBER |
| Universal Decimal Classification number |
616.8 M-65 |
| 100 ## - MAIN ENTRY--PERSONAL NAME |
| Personal name |
Michael-Titus, Adina T. |
| 9 (RLIN) |
21871 |
| 245 ## - TITLE STATEMENT |
| Title |
The Nervous System: |
| Remainder of title |
Basic Science and Clinical Conditions / |
| Statement of responsibility, etc. |
Adina T. Michael-Titus, Patricia Revest, Peter Shortland. |
| 264 ## - PRODUCTION, PUBLICATION, DISTRIBUTION, MANUFACTURE, AND COPYRIGHT NOTICE |
| Place of production, publication, distribution, manufacture |
London : |
| Name of producer, publisher, distributor, manufacturer |
Churchill Livingstone, |
| Date of production, publication, distribution, manufacture, or copyright notice |
2007. |
| 300 ## - PHYSICAL DESCRIPTION |
| Extent |
371 p.: |
| Other physical details |
ill. ; |
| Dimensions |
28 cm. |
| 653 ## - INDEX TERM--UNCONTROLLED |
| keyword |
ნერვული სისტემა |
| 653 ## - INDEX TERM--UNCONTROLLED |
| keyword |
მედიცინა |
| 700 ## - ADDED ENTRY--PERSONAL NAME |
| Personal name |
Revest, Patricia |
| Relator term |
ავტორი |
| 9 (RLIN) |
21872 |
| 700 ## - ADDED ENTRY--PERSONAL NAME |
| Personal name |
Shortlan, Peter |
| Relator term |
ავტორი |
| 9 (RLIN) |
21873 |
| 942 ## - ADDED ENTRY ELEMENTS (KOHA) |
| Source of classification or shelving scheme |
|
| Koha item type |
წიგნი |